000 00716nam a22002057a 4500
999 _c11515
_d11515
003 AR-CdUCM
008 190404b ||||| |||| 00| 0 spa d
040 _aMUNICIPALIDAD PROVINCIAL DEL CUSCO
_cBIBLIOTECA MUNICIPAL DEL CUSCO
082 _a868 /
_bC35 F /1943
100 _aCastro, Rosalía de,
_928929
245 _aFollas novas /
260 _aBuenos Aires :
_bEmece,
_c1943.
300 _a252 paginas ;
_c25 cm.
440 _aColección Dorna.
_928930
505 _aContenido : Vaguedás -- Ben sei que non hay nada -- Algúns din ¡miña de min! -- ¡Do íntimo! -- Amigos vellos -- Varia...
650 _aPoesías lírica
_928931
650 _aLiteratura
_9416
942 _2ddc
_cLIBROS
945 _awnts